Gerir a mudança nas escolas (Registo nº 709)
[ vista simples ]
| 000 -Etiqueta do registo | |
|---|---|
| Cabeçalho | 00768nam0a22003131 4500 |
| 005 - Identificador da versão | |
| Campo de controlo | 20240813121810.0 |
| 010 ## - Número internacional normalizado dos livros (ISBN) | |
| Número (ISBN) | 9724121844 |
| 021 ## - Número do Depósito Legal | |
| Código do país | PT |
| Número | 142805/99 |
| 035 ## - Other System Control Numbers | |
| System Control Number | 0000739 |
| System Control Number | 0000734 |
| System Control Number | 0000734 |
| System Control Number | 0000722 |
| 100 ## - Dados gerais de processamento | |
| Dados gerais de processamento | 20070924d2000 m y0pory5003 ba |
| 102 ## - Pais de publicação ou produção | |
| País de publicação | Portugal |
| 101 1# - Língua de publicação | |
| Língua do texto, banda sonora, etc. | Português |
| Língua do documento no original | Inglês |
| 106 ## - Campo de dados codificados: material textual | |
| Dados codificados do material textual | r |
| 105 ## - Campo de dados codificados: livros | |
| Dados codificados dos livros | y z 001yy |
| 215 ## - Descrição física | |
| Indicação específica da natureza do documento e extensão da espécie | 192 p |
| Dimensões | cm |
| 200 1# - Titulo e menção de responsabilidade | |
| Título próprio | Gerir a mudança nas escolas |
| Primeira menção de responsabilidade | Patrick Whitaker |
| 225 2# - Colecção | |
| Título próprio da colecção | Perspectivas Actuais/Educação |
| Indicação de volume | 27 |
| 205 ## - Menção da edição | |
| Menção da edição | 1ª edição |
| 210 ## - Publicação, Distribuição, etc. | |
| Lugar da edição, distribuição, etc. | Porto |
| Nome do editor, distribuidor, etc. | Asa Editores |
| Data da publicação, distribuição, etc. | 2000 |
| 675 ## - Classificação Decimal Universal (CDU) | |
| Notação | 37 |
| Língua da edição | por |
| 702 #1 - Nome de autor-pessoa física (responsabilidade secundária) | |
| Número de registo de entrada de autoridade | 0000945 |
| Palavra de ordem | Alves |
| Outra parte do nome não tomada para palavra de ordem | Fernando Ferreira |
| Código de função | Tradutor |
| 700 #1 - Nome de autor-pessoa física (responsabilidade principal) | |
| Número de registo de entrada de autoridade | 0000944 |
| Palavra de ordem | Patrick |
| 942 ## - Elementos de entrada adicionados (Koha) | |
| Tipo de item no Koha | Livro |
| Situação do levantamento | Origin of item (home branch) (coded) | Biblioteca de empréstimo | Código de barras | Circulation type (not for loan) | Tipo de documento | Nota do exemplar | Damaged status |
|---|---|---|---|---|---|---|---|
| Biblioteca Escolar Eng. Nuno Mergulhão | Biblioteca Escolar Eng. Nuno Mergulhão | BENM1198 | Livro | Sem mensagem |
